Dato' Siamang Gagap

Bibliographic Details
Main Author: Abd. Latip Talip
Format: Book
Published: Kuala Lumpur : Utusan Publications & Distributions Sdn.Bhd. , 2001
Series:History Gallery
Subjects:

MARC

LEADER 00000cam a2200000 7i4500
001 0000044737
005 20010524.0
020 |a 9676111015 
090 0 0 |a JF   |b ABD 
100 0 |a Abd. Latip Talip 
245 1 0 |a Dato' Siamang Gagap   |c Abd Latip Talib 
260 |a Kuala Lumpur :   |b Utusan Publications & Distributions Sdn.Bhd. ,   |c 2001 
300 |a 66p. :   |b ill. ;   |c 21cm. 
490 0 |a History Gallery 
650 0 0 |a Children's stories 
999 |a 00109047   |b BUKU   |c PINJAMAN   |e PERPUSTAKAAN KOMUNITI PETALING JAYA 
999 |a 00109049   |b BUKU   |c PINJAMAN   |e PERPUSTAKAAN KOMUNITI PETALING JAYA